| 000 | 00725nam a2200229Ia 4500 | ||
|---|---|---|---|
| 003 | OSt | ||
| 005 | 20220928113606.0 | ||
| 006 | a|||||r|||| 00| 0 | ||
| 007 | ta | ||
| 008 | 220927b |||||||| |||| 00| 0 eng d | ||
| 024 | _a46764 | ||
| 037 | _cTextual | ||
| 040 |
_aSDCL _cSDCL _beng |
||
| 041 |
_2eng _aeng |
||
| 082 | _aX:9.2sN59, L2 | ||
| 100 |
_aIndia,Labour and Rehabilitation(Min of)Labour Employment(Dep of) _9433968 |
||
| 245 | 0 | _aIndian labour statistics 1972 | |
| 260 |
_aNew Delhi _bMinistry of labour and rehabilitation _c1972 |
||
| 300 |
_avii,215p _ccm. |
||
| 942 |
_hX:9.2sN59, L2 _cTEXL _2CC |
||
| 999 |
_c750368 _d750368 |
||